| 000 | 01870nam a2200361 c 4500 | ||
|---|---|---|---|
| 003 | BLK | ||
| 005 | 20240315005328.0 | ||
| 008 | 180409b bul|||||r ||||||| ||bul|| | ||
| 010 | _aKNG00127525000 | ||
| 040 | _aBLK | ||
| 041 |
_aBUL _cBUL |
||
| 080 |
_aМеждународни политически отношения. Световна политика. Международна политика. Дипломация _b327 _x _z327 |
||
| 100 | 1 |
_aАрбатов, Георгий А. _eпърви автор _9317297 |
|
| 700 | 1 |
_aОлтманс, Вилем _eсъавт. _9317298 |
|
| 700 | 1 |
_aКиркова, Алиса _eпрев. от рус. _9317299 |
|
| 139 |
_aАрбатов, Георгий А. и др. _bА 81 |
||
| 245 | 1 | 0 |
_aПрез 80-те... _bКн.-интервю за актуалните въпроси на съвр. междунар. отношения _cГеоргий А. Арбатов; съавт. Вилем Олтманс; прев. от рус. Алиса Киркова. |
| 257 | _aSUN | ||
| 260 |
_аСофия _bПартиздат _c1984 |
||
| 300 |
_a352 с. _c20 см |
||
| 380 | _a3 | ||
| 500 | _aОриг. загл. Вступая в 80-е.. / Г. Арбатов, В. Олтманс. - 6 110 тир. - Кн. съдържа интервюта, дадени от акад. Г. Арбатов на холандския журналист В. Олтманс. | ||
| 650 | 0 |
_aМеждународни отношения _9245477 |
|
| 653 | _a80-те години | ||
| 653 | _aинтервюта | ||
| 653 | _aмеждународни отношения | ||
| 852 | _aЦб 131186 | ||
| 856 | 4 |
_qpdf _u |
|
| 856 | 4 |
_qpdf _u |
|
| 942 |
_cKNG _n0 |
||
| 944 |
_aCR _c16.02.2012 _lCRON CRON _k |
||
| 944 |
_aED _c16.02.2012 _l16.02.2012 - от С1,Р / 16.02.2012 _k |
||
| 999 |
_c121893 _d121893 |
||